000 00697nam a2200193Ia 4500
003 OSt
005 20250829154617.0
008 Pun
037 _cTB
040 _aARTS
_cARTS
_bPun
041 _2Pun
_aPun
084 _aO153,1NBHx M7
_qAL
100 _aਭੂਪਾਲ, ਦਲੀਪ ਸਿੰਘ; ਪੁਰੀ, ਗੁਰਦੀਪ ਸਿੰਘ
_9169007
245 0 _aਹਾਸੇ ਵਿਲਕ ਪਏ
260 _aਅੰਮ੍ਰਿਤਸਰ
_b ਅਲਕਾ ਸਾਹਿਤ ਸਦਨ
_c1987
300 _a112ਪੰ
_ccm.
942 _hO153,1NBHx M7
_cTB
_2CC
_n0
999 _c384488
_d384488